Programme ou résumé des leçons d'un cours de construction, avec des applications tirées principalement de L'art de l'ingénieur des ponts et chaussées ... / (Record no. 165289)

MARC details
000 -LEADER
campo de control de longitud fija 00953nam a22002295i 4500
001 - NÚMERO DE CONTROL
campo de control 165289
003 - IDENTIFICADOR DE NÚMERO DE CONTROL
campo de control ES-MaACL
005 - FECHA Y HORA DE LA ÚLTIMA TRANSACCIÓN
campo de control 20250902215905.0
008 - DATOS DE LONGITUD FIJA--INFORMACIÓN GENERAL
campo de control de longitud fija 050906s1839 be | |||||||| ||fre d
040 ## - FUENTE DE CATALOGACIÓN
Centro catalogador/agencia de origen CAM
Lengua de catalogación spa
Centro/agencia transcriptor CAM
100 1# - ENTRADA PRINCIPAL--NOMBRE DE PERSONA
Nombre de persona Sganzin, J.
9 (RLIN) 132700
245 10 - MENCIÓN DEL TÍTULO
Título Programme ou résumé des leçons d'un cours de construction, avec des applications tirées principalement de L'art de l'ingénieur des ponts et chaussées ... /
Mención de responsabilidad, etc. par J. Sganzin.
250 ## - MENCION DE EDICION
Mención de edición Nouvelle éd. avec notes et additions.
260 ## - PUBLICACIÓN, DISTRIBUCIÓN, ETC.
Lugar de publicación, distribución, etc. Bruxelles :
Nombre del editor, distribuidor, etc. Société Belge de Librairie, etc.,
Fecha de publicación, distribución, etc. 1839 (
Fabricante Imprimerie de P. Mary)
300 ## - DESCRIPCIÓN FÍSICA
Extensión VI, 312 p., 7 h. de lám. pleg. ;
Dimensiones 23 cm.
650 #7 - PUNTO DE ACCESO ADICIONAL DE MATERIA--TÉRMINO DE MATERIA
Término de materia o nombre geográfico como elemento de entrada Ingeniería civil
Fuente del encabezamiento o término embne
9 (RLIN) 13771
700 1# - ENTRADA AGREGADA--NOMBRE PERSONAL
Nombre de persona Mary, P.,
Término indicativo de función/relación
9 (RLIN) 129669
710 2# - ENTRADA AGREGADA--NOMBRE DE ENTIDAD CORPORATIVA
Nombre de entidad corporativa o nombre de jurisdicción como elemento de entrada Société Belge de Librairie,
Término indicativo de función/relación
9 (RLIN) 134935
752 ## - ENTRADA AGREGADA--NOMBRE JERÁRQUICO DEL LUGAR
País o entidad superior Bélgica -
Ciudad Bruselas
852 ## - LOCALIZACIÓN
Ubicación ES-MaACL
Número de control de estantería G-11439
Nota libre -- Enc. hol., conservando la cub. original
Holdings
Estatus retirado Estado de pérdida Estado de daño No para préstamo Colección Biblioteca de origen Biblioteca actual Ubicación en estantería Fecha de adquisición Fuente de adquisición Total de préstamos Signatura topográfica completa Código de barras Visto por última vez Precio de reemplazo Tipo de ítem Koha
        Libros del s. XIX Biblioteca del Ateneo de Madrid Biblioteca del Ateneo de Madrid Sala Pecera Planta 3 17/01/2008     G-11439 1173324 23/02/2023 23/02/2023 Libro impreso antiguo